Thermodynamics for engineers (Record no. 7756)

000 -LEADER
fixed length control field 00491nam a22001817a 4500
001 - CONTROL NUMBER
control field 7756
003 - CONTROL NUMBER IDENTIFIER
control field BD-DhUET
008 - FIXED-LENGTH DATA ELEMENTS--GENERAL INFORMATION
fixed length control field 141211b xxu||||| |||| 00| 0 eng d
040 ## - CATALOGING SOURCE
Transcribing agency 0
Modifying agency BD-DhUET
082 ## - DEWEY DECIMAL CLASSIFICATION NUMBER
Classification number 621.01
Item number DOO/1964
100 ## - MAIN ENTRY--PERSONAL NAME
Personal name Doolittle, Jesse S.
245 ## - TITLE STATEMENT
Title Thermodynamics for engineers
Statement of responsibility, etc. by Jesse S. Doolittle
250 ## - EDITION STATEMENT
Edition statement 2nd ed.
260 ## - PUBLICATION, DISTRIBUTION, ETC. (IMPRINT)
Place of publication, distribution, etc. Pennsylvania
Name of publisher, distributor, etc. International Textbook Company
Date of publication, distribution, etc. 1964
300 ## - PHYSICAL DESCRIPTION
Extent xvii, 660p.
650 #0 - SUBJECT ADDED ENTRY--TOPICAL TERM
Topical term or geographic name as entry element Thermodynamics engineering
942 ## - ADDED ENTRY ELEMENTS (KOHA)
Koha item type General Book
Holdings
Withdrawn status Sublocation or collection (holding branch) Piece designation (barcode) Not for loan Shelving location Location (home branch) Lost status Copy number Koha item type Source of classification or shelving scheme Koha full call number Koha date last seen Price effective from Koha normalized classification for sorting Damaged status Date acquired
 Central Library, BUET16488 Circulation sectionCentral Library, BUET 1General Book 621.01/DOO/19642014-12-112014-12-11621_010000000000000_DOO_1964 2014-12-11
 Central Library, BUET16487 Circulation sectionCentral Library, BUET 2General Book 621.01/DOO/19642015-04-092015-04-09621_010000000000000_DOO_1964 2015-04-09
 Central Library, BUET16489 Circulation sectionCentral Library, BUET 3General Book 621.01/DOO/19642015-04-122015-04-12621_010000000000000_DOO_1964 2015-04-12
 Central Library, BUET16491 Circulation sectionCentral Library, BUET 4General Book 621.01/DOO/19642015-04-122015-04-12621_010000000000000_DOO_1964 2015-04-12
 Central Library, BUET16490 Reading sectionCentral Library, BUET 5Reading Item 621.01/DOO/19642015-06-152015-06-15621_010000000000000_DOO_1964 2015-06-15